000 00666nam a2200253Ia 4500
003 OSt
005 20220925185905.0
006 a|||||r|||| 00| 0
007 ta
008 220923b |||||||| |||| 00| 0 eng d
020 _a0324203039
037 _cGeneral Book
040 _aRTL
_cRTL
_beng
041 _2eng
_aeng
082 _aX991, P5
100 _aTaft Robert A.
_9236210
245 0 _aGrowing your business globally
260 _aAustralia
_bThomson
_c2005
300 _axix,297p
_ccm.
500 _aAppendix: p227-292
650 _aGlobalization
942 _hX991, P5
_cGB
_2CC
999 _c512531
_d512531